000 00488nam a22001457a 4500
020 _a93918-4184-8
082 _a823
_bSCO/I
100 _aSCOTT, WALTER
245 _aIVANHOE
_bCHILDRENS ILLUSTRATED CLASSICS
260 _aBANGALORE
_bPRISM BOOKS PVT LTD
_c2023
300 _a208
520 _aIvanhoe is the story of one of the remaining Anglo-Saxon noble families at a time when the nobility in England was overwhelmingly Norman.
650 _aCHILDRENS ILLUSTRATED CLASSICS
942 _cBK
999 _c7191
_d7191